FlashArt/ (Record no. 3561)

MARC details
000 -LEADER
campo de control de longitud fija 01564nam a22002897a 4500
003 - IDENTIFICADOR DE NÚMERO DE CONTROL
campo de control OSt
005 - FECHA Y HORA DE LA ÚLTIMA TRANSACCIÓN
campo de control 20230516094548.0
008 - DATOS DE LONGITUD FIJA--INFORMACIÓN GENERAL
campo de control de longitud fija 230516b |||||||| |||| 00| 0 eng d
040 ## - FUENTE DE CATALOGACIÓN
Centro/agencia transcriptor Lado V
082 ## - NÚMERO DE LA CLASIFICACIÓN DECIMAL DEWEY
Número de edición 708
Número de clasificación K82f
100 ## - ENTRADA PRINCIPAL--NOMBRE DE PERSONA
9 (RLIN) 826
Nombre de persona Kontova, Helena
Término indicativo de función/relación editora
245 ## - MENCIÓN DEL TÍTULO
Título FlashArt/
260 ## - PUBLICACIÓN, DISTRIBUCIÓN, ETC.
Lugar de publicación, distribución, etc. Australia
-- Austria
-- Belgica
-- Canada
-- Francia
-- Alemania
-- Gran Bretaña
-- Holanda
-- Italia
-- España
-- Irlanda
Nombre del editor, distribuidor, etc. GEA POLITI
Fecha de publicación, distribución, etc. 2001
300 ## - DESCRIPCIÓN FÍSICA
Extensión 128p.
Dimensiones 20.5x27.5cm
490 ## - MENCIÓN DE SERIE
Mención de serie 217
Designación de volumen o secuencia XXXIV
Número Internacional Normalizado para Publicaciones Seriadas 0394-1493
505 ## - NOTA DE CONTENIDO CON FORMATO
Nota de contenido con formato Flash Art News
Título The populist Pressure on<br/><br/>The 2nd Berlin Biennale<br/><br/>Presumes Innocents<br/><br/>55 Years of Polish Art<br/><br/>At Galleries<br/><br/>The New Kunsthalle in Vienna<br/><br/>Tokyo Tv<br/><br/>Mark Wallinger<br/><br/>Thierry de Duve's Voici<br/><br/>Theory<br/><br/>Galleries Talk<br/><br/>Aperto: San Francisco<br/><br/>Group Shows<br/><br/>New York Cup Up<br/><br/>Books and Catalogues<br/><br/>Videoclip
505 ## - NOTA DE CONTENIDO CON FORMATO
Nota de contenido con formato Features
Título Thomas Demand<br/><br/>Divorcee on Holiday Miami<br/><br/>Lee Bul<br/><br/>Paul Noble<br/><br/>Paul McCarthy<br/><br/>Ike Ude<br/><br/>The Truth about Emily and Me<br/><br/>Marjetica Potre<br/><br/>Same Same but Another Millennium
505 ## - NOTA DE CONTENIDO CON FORMATO
Nota de contenido con formato Global Art
Mención de responsabilidad Colby Caldwell<br/><br/>Wim Delvoye
505 ## - NOTA DE CONTENIDO CON FORMATO
Nota de contenido con formato Ouvertures
Mención de responsabilidad John Pilson<br/><br/>Patrick Tuttofuoco
505 ## - NOTA DE CONTENIDO CON FORMATO
Nota de contenido con formato Spotlights
Título Havana Biennial<br/><br/>Superflat
505 ## - NOTA DE CONTENIDO CON FORMATO
Nota de contenido con formato Flash Art Reviews
650 ## - PUNTO DE ACCESO ADICIONAL DE MATERIA--TÉRMINO DE MATERIA
Fuente del encabezamiento o término Tesauro de Arte & Arquitectura
Término de materia o nombre geográfico como elemento de entrada CATALOGO
650 ## - PUNTO DE ACCESO ADICIONAL DE MATERIA--TÉRMINO DE MATERIA
Fuente del encabezamiento o término Tesauro de Arte & Arquitectura
Término de materia o nombre geográfico como elemento de entrada REVISTA
650 ## - PUNTO DE ACCESO ADICIONAL DE MATERIA--TÉRMINO DE MATERIA
Fuente del encabezamiento o término Tesauro de Arte & Arquitectura
Término de materia o nombre geográfico como elemento de entrada ARTE INTERNACIONAL
650 ## - PUNTO DE ACCESO ADICIONAL DE MATERIA--TÉRMINO DE MATERIA
Fuente del encabezamiento o término Tesauro de Arte & Arquitectura
Término de materia o nombre geográfico como elemento de entrada CRITICA
942 ## - ELEMENTOS DE ENTRADA SECUNDARIOS (KOHA)
Fuente del sistema de clasificación o colocación Clasificación Decimal Dewey
Tipo de ítem Koha Libros
Parte de la signatura que corresponde a la clasificación (Parte de la clasificación) 708
Parte de la signatura que identifica el ejemplar (Parte del ítem) K82f
Suprimir en OPAC No
Holdings
Estatus retirado Estado de pérdida Fuente del sistema de clasificación o colocación Especificación de materiales (volumen encuadernado u otra parte) Estado de daño No para préstamo Colección Biblioteca de origen Biblioteca actual Fecha de adquisición Enumeración/cronología de publicación seriada Número de inventario Total de préstamos Signatura topográfica completa Código de barras Visto por última vez Precio de reemplazo Tipo de ítem Koha
    Clasificación Decimal Dewey XXXIV     Revistas Biblioteca LadoV Biblioteca LadoV 16/05/2023 2001 002988   708 K82f 002988 16/05/2023 16/05/2023 Libros